logo

Bir Sreshtho Munshi Abdur Rouf Library
Jhenaidah Cadet College

গল্পসংগ্রহ / (Record no. 10123)

MARC details
000 -LEADER
fixed length control field 00669nam a22002177a 4500
001 - CONTROL NUMBER
JCCL Control Number 10123
003 - CONTROL NUMBER IDENTIFIER
JCCL marc code OSt
005 - DATE AND TIME OF LATEST TRANSACTION
control field 20180418122839.0
008 - FIXED-LENGTH DATA ELEMENTS--GENERAL INFORMATION
fixed length control field 180402s1974 bg a|||| ||a| 000 0 ben d
035 ## - SYSTEM CONTROL NUMBER
system control number (BD-JhCC)10123
040 ## - CATALOGING SOURCE
Original cataloging agency BD-JhCC
Modifying agency BD-JhCC
041 ## - LANGUAGE CODE
Language code of Book ben
082 ## - DEWEY DECIMAL CLASSIFICATION NUMBER
Classification number 891.4409
Author mark and Year CHO 1974
100 ## - MAIN ENTRY--PERSONAL NAME
Personal name চৌধুরী, প্রমথ
245 ## - TITLE STATEMENT
Title গল্পসংগ্রহ /
Statement of responsibility, etc প্রমথ চৌধুরী
260 ## - PUBLICATION, DISTRIBUTION, ETC. (IMPRINT)
Place of publication, distribution, etc কলকাতা :
Name of publisher, distributor, etc বিশ্বভারতী গ্রন্থনবিভাগ,
Date of publication, distribution, etc 1974.
300 ## - PHYSICAL DESCRIPTION
Pagination 538 p. :
Dimensions 22 cm.
650 ## - SUBJECT ADDED ENTRY--TOPICAL TERM
Topical term or geographic name as entry element Collection of works
942 ## - ADDED ENTRY ELEMENTS (KOHA)
Source of classification or shelving scheme Dewey Decimal Classification
Koha item type Books
Holdings
Source of classification or shelving scheme Damaged status Not for loan Home library Current library Shelving location Date of accession Total Checkouts Full call number Barcode Date last seen Copy number Koha item type Source of acquisition Cost, normal purchase price Method of acquisition Currency
Dewey Decimal Classification     JCC Rouf Library JCC Rouf Library General Stacks 04/18/2018   891.4409 CHO 1974 12794 04/18/2018 C-1 Books        
Dewey Decimal Classification     JCC Rouf Library JCC Rouf Library General Stacks 06/05/2023   891.4409 CHO 2018 17847 06/05/2023 C-2 Books জাতীয় গ্রন্থকেন্দ্র 500.00 Gift/Donation BDT

JCC Library | Contacts | JCC Home

Last Update on 23 September 2017
Copyright @ 2017-2020 JCC Rouf Library
Rouf Library, Jhenidah Cadet College (JCC), Bangladesh